[Event "FICGS class C 000189 email"]
[Site "FICGS email"]
[Date "2012.04.29"]
[Round "1"]
[White "Cassero, Rafael"]
[Black "Kepinski, Janusz"]
[Result "0-1"]
[WhiteElo "1800"]
[BlackElo "1701"]
[PlyCount "24"]
[EventDate "2012.??.??"]
[EventType "tourn (corr)"]
[EventRounds "4"]
[SourceTitle "Corr 2022"]
[Source "ChessBase"]
[SourceDate "2021.10.24"]
[SourceVersion "1"]
[SourceVersionDate "2021.10.24"]
[SourceQuality "1"]

1. c4 Nf6 2. Nf3 c5 3. Nc3 g6 4. d4 cxd4 5. Nxd4 d5 6. e3 Bg7 7. Be2 Nc6 8. 0-0 Nxd4 9. Qxd4 0-0 10. Qd3 dxc4 11. Qxc4 Re8 12. Rd1 Bd7 0-1

[Event "FICGS class C 000189 email"]
[Site "FICGS email"]
[Date "2012.04.29"]
[Round "1"]
[White "O Brien, Glenn"]
[Black "Cassero, Rafael"]
[Result "1-0"]
[WhiteElo "1601"]
[BlackElo "1800"]
[PlyCount "21"]
[EventDate "2012.??.??"]
[EventType "tourn (corr)"]
[EventRounds "4"]
[SourceTitle "Corr 2022"]
[Source "ChessBase"]
[SourceDate "2021.10.24"]
[SourceVersion "1"]
[SourceVersionDate "2021.10.24"]
[SourceQuality "1"]

1. e4 c5 2. Nf3 d6 3. d4 cxd4 4. Nxd4 Nf6 5. Nc3 Nc6 6. Bg5 h6 7. Bxf6 gxf6 8. Qd2 e5 9. Nxc6 bxc6 10. Be2 Bg7 11. 0-0 1-0

[Event "FICGS class C 000188 email"]
[Site "FICGS email"]
[Date "2012.04.05"]
[Round "1"]
[White "Krakovsky, Peter"]
[Black "Cassero, Rafael"]
[Result "1-0"]
[WhiteElo "1730"]
[BlackElo "1800"]
[PlyCount "31"]
[EventDate "2012.??.??"]
[EventType "tourn (corr)"]
[EventRounds "4"]
[SourceTitle "Corr 2022"]
[Source "ChessBase"]
[SourceDate "2021.10.24"]
[SourceVersion "1"]
[SourceVersionDate "2021.10.24"]
[SourceQuality "1"]

1. e4 c5 2. Nf3 d6 3. d4 cxd4 4. Nxd4 Nf6 5. Nc3 Nc6 6. Bg5 Ng4 7. Bb5 Qb6 8. Nd5 Qa5+ 9. b4 Qa3 10. Bc1 Qxc1 11. Rxc1 Kd8 12. Nxc6+ bxc6 13. Bxc6 Rb8 14. Qd4 Ne5 15. b5 Nxc6 16. bxc6 1-0

[Event "SN-2012-0-00423"]
[Site "LSS email"]
[Date "2012.02.22"]
[Round "?"]
[White "Cassero, Rafael"]
[Black "Secondi, Alberto"]
[Result "1-0"]
[WhiteElo "758"]
[BlackElo "582"]
[PlyCount "69"]
[EventDate "2012.01.30"]
[EventType "tourn (corr)"]
[EventRounds "6"]
[EventCountry "GER"]
[SourceTitle "Corr 2015"]
[Source "ChessBase"]
[SourceDate "2015.07.17"]
[SourceVersion "1"]
[SourceVersionDate "2015.07.17"]
[SourceQuality "1"]

1. e4 e6 2. d4 d5 3. Nd2 Nc6 4. c3 g6 5. Ngf3 Bg7 6. Be2 Nf6 7. e5 Nd7 8. 0-0 0-0 9. Re1 a6 10. Nf1 b5 11. Bg5 f6 12. exf6 Bxf6 13. Qd2 Rf7 14. Ng3 Bxg5 15. Qxg5 Qxg5 16. Nxg5 Rf6 17. Bg4 Nb6 18. Nxe6 Ra7 19. h4 Bxe6 20. Bxe6+ Kg7 21. Re2 Nd8 22. Rae1 Rb7 23. b3 c6 24. Bg4 Rbf7 25. h5 Nb7 26. f3 gxh5 27. Nxh5+ Kg6 28. Nxf6 Rxf6 29. Re7 Nd6 30. R1e6 Nbc8 31. Rxf6+ Kxf6 32. Rxh7 Ne7 33. Rh6+ Ng6 34. Bh5 Nf5 35. Rxg6+ 1-0

[Event "OP-2012-0-02076"]
[Site "LSS email"]
[Date "2012.02.22"]
[Round "?"]
[White "Trebichalsky, Rastislav"]
[Black "Cassero, Rafael"]
[Result "1-0"]
[WhiteElo "682"]
[BlackElo "758"]
[PlyCount "64"]
[EventDate "2012.02.19"]
[EventType "tourn (corr)"]
[EventRounds "4"]
[EventCountry "GER"]
[SourceTitle "Corr 2015"]
[Source "ChessBase"]
[SourceDate "2015.07.17"]
[SourceVersion "1"]
[SourceVersionDate "2015.07.17"]
[SourceQuality "1"]

1. e4 e5 2. Qf3 Nf6 3. Bc4 Nc6 4. a3 Nd4 5. Qd3 d6 6. Nf3 Nxf3+ 7. Qxf3 Be7 8. Nc3 0-0 9. d3 Bd7 10. 0-0 a6 11. Nd5 c6 12. Nxf6+ Bxf6 13. Be3 b5 14. Bb3 c5 15. c4 Be6 16. Qg3 Rb8 17. Rab1 Kh8 18. h4 Bxh4 19. Qh2 Bg5 20. f4 exf4 21. Bxf4 Bxf4 22. Rxf4 bxc4 23. Bxc4 Bxc4 24. dxc4 Qg5 25. Rf2 Qg6 26. Re1 Rb3 27. Rfe2 Rfb8 28. Rb1 Rxa3 29. bxa3 Rxb1+ 30. Kf2 Qf6+ 31. Ke3 Rb3+ 32. Kd2 Qc3+ 1-0

[Event "SN-2011-0-00380"]
[Site "LSS email"]
[Date "2011.09.13"]
[Round "?"]
[White "Lombardi, Donato"]
[Black "Cassero, Rafael"]
[Result "1-0"]
[WhiteElo "863"]
[BlackElo "758"]
[PlyCount "81"]
[EventDate "2011.08.25"]
[EventType "tourn (corr)"]
[EventRounds "6"]
[EventCountry "GER"]
[SourceTitle "Corr 2015"]
[Source "ChessBase"]
[SourceDate "2015.07.17"]
[SourceVersion "1"]
[SourceVersionDate "2015.07.17"]
[SourceQuality "1"]

1. e4 e6 2. d4 d5 3. exd5 exd5 4. Bd3 Nf6 5. Bg5 Be7 6. Nf3 Nbd7 7. 0-0 0-0 8. Nc3 h6 9. Bh4 Re8 10. Re1 Nf8 11. Bg3 c6 12. Be5 Be6 13. Re2 N8d7 14. Qd2 Nh7 15. Rae1 Ng5 16. Nxg5 Bxg5 17. f4 Bg4 18. fxg5 Bxe2 19. Rxe2 Qxg5 20. Qxg5 hxg5 21. Kf2 f6 22. Bd6 Kf7 23. g3 Rxe2+ 24. Bxe2 Ke6 25. Ba3 Kf5 26. h3 Kg6 27. b3 Rh8 28. Bc1 Rxh3 29. Bg4 Rh2+ 30. Kg1 Rxc2 31. Ne2 f5 32. Bf3 Rxa2 33. Kf1 Ra1 34. Kf2 Rb1 35. Bg2 Rxb3 36. Bf1 Nf6 37. Ke1 Ne4 38. Kd1 Kh5 39. Kc2 Rf3 40. Bg2 Rf2 41. Bxe4 1-0

[Event "SN-2011-0-00380"]
[Site "LSS email"]
[Date "2011.09.12"]
[Round "?"]
[White "Cassero, Rafael"]
[Black "Sebok, Janos"]
[Result "0-1"]
[WhiteElo "758"]
[BlackElo "652"]
[PlyCount "22"]
[EventDate "2011.08.25"]
[EventType "tourn (corr)"]
[EventRounds "6"]
[EventCountry "GER"]
[SourceTitle "Corr 2015"]
[Source "ChessBase"]
[SourceDate "2015.07.17"]
[SourceVersion "1"]
[SourceVersionDate "2015.07.17"]
[SourceQuality "1"]

1. d4 d5 2. Bf4 Nc6 3. Nf3 Nf6 4. e3 Bg4 5. Nbd2 e6 6. Be2 Be7 7. 0-0 0-0 8. Bb5 Na5 9. h3 Bxf3 10. Qxf3 a6 11. Bd3 c5 0-1

[Event "OP-2011-0-01770"]
[Site "LSS email"]
[Date "2011.09.11"]
[Round "?"]
[White "Cassero, Rafael"]
[Black "Senis, Enrico"]
[Result "0-1"]
[WhiteElo "800"]
[BlackElo "1356"]
[PlyCount "40"]
[EventDate "2011.09.07"]
[EventType "tourn (corr)"]
[EventRounds "4"]
[EventCountry "GER"]
[SourceTitle "Telechess CBM 157"]
[Source "ChessBase"]
[SourceDate "2013.11.12"]
[SourceVersion "1"]
[SourceVersionDate "2013.11.12"]
[SourceQuality "1"]

1. e4 c5 2. Nf3 d6 3. d4 cxd4 4. Qxd4 Nc6 5. Qd1 Nf6 6. Nc3 g6 7. Bf4 Bg7 8. e5 Nh5 9. Qd2 Nxf4 10. Qxf4 Nxe5 11. Nxe5 dxe5 12. Bb5+ Bd7 13. Qb4 Bxb5 14. Qxb5+ Qd7 15. Qxd7+ Kxd7 16. Rd1+ Kc6 17. Ne4 h6 18. 0-0 f5 19. Nd2 e4 20. c3 Rhd8 0-1